| 000 | 00373 a2200145 4500 | ||
|---|---|---|---|
| 020 | _aSpirits Rebellious | ||
| 040 |
_aDLC _bDLC |
||
| 082 | _a892.78 | ||
| 100 | _aGibran, Kahlil. | ||
| 245 |
_aSpirits Rebellious _cKahlil Gibran |
||
| 260 |
_aLahore: _bService Book Club, _c1999. |
||
| 300 |
_avi, 120 p. ; _c18 cm. |
||
| 500 | _aIncludes Index | ||
| 942 |
_cBK _k892.78 GIB _2ddc |
||
| 999 |
_c5153 _d5153 |
||